| 000 | 00480nam a2200193Ia 4500 | ||
|---|---|---|---|
| 008 | 170918s9999 xx 000 0 und d | ||
| 020 | _a9780590994590 | ||
| 050 | _bC554 1989 | ||
| 100 | _aChristelow, Eileen | ||
| 245 | _aFive little monkeys jumping on the bed / | ||
| 245 | _cby Eileen Christelow. | ||
| 260 | _aNew York : | ||
| 260 | _bScholastic, | ||
| 260 | _c1989 | ||
| 300 | _a32 pages : | ||
| 300 | _bcolored illustration ; | ||
| 300 | _c20cm. | ||
| 500 | _a310 | ||
| 999 |
_c342689 _d342689 |
||